000 00617nam a22002297a 4500
003 UA-OsUOA
001 93579
007 ta
008 20130123b un ||||| |||| 00| 0 ukr d
100 _aГамсахурдіа К.
090 _a821.353.1
_bГ18
942 _cBK
040 _aUA-OsUOA
_bukr
_cUA-OsUOA
_dUA-OsUOA
245 _aПравиця великого майстра
_bроман
300 _a345 с.
955 _a3
041 _aukr
080 _a821.353.1
260 _aК.
_bДніпро
_c1971
650 7 _a82 Література. Літературознавство
_2UDC
999 _c379826
_d379826